| 000 | 00000nam##2200000za#4500 |
| 001 | 9.545973 |
| 003 | CaOODSP |
| 005 | 20210615091421 |
| 007 | ta |
| 008 | 150406|2007||||xxc||||| f|0| 0 fre|d |
| 040 | |aCaOODSP|bfre |
| 041 | |aeng |
| 041 | |afre |
| 043 | |an-cn--- |
| 086 | 1 |aEn13-2/7-2006 |
| 110 | 1 |aCanada.|bEnvironnement Canada. |bInstitut national de la recherche sur les eaux. |
| 245 | 13|aLe dépistage des sources de pollution microbienne dans les écosystèmes aquatiques : |bétat de la science et évaluation des besoins |
| 246 | 3 |aRapport de la Série d'ateliers sur les sciences de l'eau et les politiques |
| 260 | |bEnvironnement Canada. |cc2006. |
| 300 | |aTexte français, iii, 26p. : |bréférences, photographies ; |c28 cm. |
| 490 | 1 |aSérie de rapports d'évaluation scientifique de l'INRE|vN° 7 |
| 520 | 3 |aLa pollution fécale des écosystèmes aquatiques étant un grave problème dans de nombreuses régions du Canada, on a de plus en plus besoin d’une approche scientifique pour déterminer ses sources. Le dépistage des sources de pollution microbienne (DSPM) est un domaine naissant aux possibilités intéressantes pour la détermination des sources de pollution fécale. Dans le cadre de l’atelier sur le DSPM qui a eu lieu à Toronto les 7 et 8 mars 2005, on a examiné l’état de la science du DSPM et l’état de préparation en vue de l’application étendue du DSPM dans tout le Canada. Le rapport de l’atelier aborde : l’état de la science; les activités de DSPM en vigueur au Canada, aux États-Unis et ailleurs; l’évaluation des besoins en dépistage des sources de pollution fécale ainsi que les moteurs politiques au Canada. |
| 563 | |aCouverture souple |
| 590 | |a08-20|b2008-05-16 |
| 691 | 07|aIndustrie pharmaceutique|2gcpds |
| 776 | 0#|tMicrobial source tracking in aquatic ecosystems : |w(CaOODSP)9.560375 |
| 776 | 0#|tLe dépistage des sources de pollution microbienne dans les écosystèmes aquatiques : |w(CaOODSP)9.593054 |
| 791 | |tMicrobial source tracking in aquatic ecosystems : |eeng|w(CaOODSP)9.545972 |
| 830 | #0|aSérie de rapports d'évaluation scientifique de l'INRE ;|vN° 7|w(CaOODSP)9.511345 |